Computers in modern society
Enregistré dans:
| Auteur principal: | |
|---|---|
| Autres auteurs: | |
| Format: | Livre |
| Langue: | anglais |
| Publié: |
Santa Barbara
Hamilton Pub. Co.
1973
|
| Tags: |
Pas de tags, Soyez le premier à ajouter un tag!
|
MARC
| LEADER | 00000nam a2200000 4500 | ||
|---|---|---|---|
| 001 | c109431 | ||
| 005 | 20221207064742.7 | ||
| 041 | 0 | |a eng | |
| 044 | |a MX | ||
| 245 | 1 | 0 | |a Computers in modern society |c Ralph J. Kochenburger, Carolyn J. Turcio |
| 264 | 1 | |a Santa Barbara |b Hamilton Pub. Co. |c 1973 | |
| 300 | |a 266 s. | ||
| 100 | 1 | |a Kochenburger, Ralph J. | |
| 700 | 1 | |a Turcio, Carolyn J. | |